000 00330nam a2200145Ia 4500
003 OSt
005 20240401094234.0
008 170524s9999 xx 000 0 und d
020 _a8121703409
040 _cIIMT
100 _aAlok P D S
245 0 _aSanskrit Patrakarita
260 _bPANCHCULA: HARYANA SAHITYA
942 _2ddc
_c02
999 _c8960
_d8960